Najdrożsi piłkarze LaLigi! - Statystyki

Ogólne statystyki
  • Ten quiz został rozwiązany 104 razy
  • Średni wynik to 22 z 59
Statystyki odpowiedzi
Wartość rynkowa Narodowość Zawodnik % Poprawnych
90,00 mln € Słowenia Oblak
83%
80,00 mln € Argentyna Messi
82%
80,00 mln € Holandia De Jong
73%
75,00 mln € Niemcy Ter Stegen
70%
70,00 mln € Hiszpania Pedri
67%
25,00 mln € Francja Benzema
65%
80,00 mln € Portugalia Felix
65%
75,00 mln € Belgia Courtois
64%
40,00 mln € Belgia Hazard
60%
50,00 mln € Niemcy Kroos
60%
70,00 mln € Urugwaj Valverde
57%
60,00 mln € Francja Griezmann
54%
45,00 mln € Brazylia Rodrygo
52%
25,00 mln € Hiszpania Alba
51%
70,00 mln € Brazylia Casemiro
51%
80,00 mln € Hiszpania Fati
49%
50,00 mln € Francja Mendy
49%
60,00 mln € Hiszpania Koke
48%
60,00 mln € Urugwaj Gimenez
47%
50,00 mln € Francja Dembele
46%
25,00 mln € Francja Dembele
46%
70,00 mln € Francja Varane
46%
28,00 mln € Bośnia i Hercegowina Pjanic
45%
25,00 mln € USA Dest
43%
40,00 mln € Hiszpania Carvajal
39%
55,00 mln € Hiszpania Saul
39%
30,00 mln € Brazylia Militao
38%
30,00 mln € Szwecja Isak
37%
25,00 mln € Francja Lenglet
36%
25,00 mln € Czarnogóra Savic
36%
35,00 mln € Hiszpania Asensio
35%
40,00 mln € Brazylia Junior
33%
70,00 mln € Hiszpania Llorente
31%
70,00 mln € Hiszpania Oyarzabal
30%
35,00 mln € Belgia Carrasco
29%
60,00 mln € Francja Kounde
29%
35,00 mln € Hiszpania Moreno
29%
25,00 mln € Urugwaj Araujo
28%
30,00 mln € Brazylia Lodi
28%
50,00 mln € Hiszpania Torres
27%
25,00 mln € Hiszpania Williams
26%
25,00 mln € Francja Lemar
24%
40,00 mln € Brazylia Coutinho
22%
40,00 mln € Argentyna Ocampos
22%
25,00 mln € Urugwaj Gomez
21%
25,00 mln € Hiszpania Roberto
21%
30,00 mln € Maroko En-Nesyri
20%
25,00 mln € Francja Fekir
20%
40,00 mln € Argentyna Correa
18%
50,00 mln € Brazylia Carlos
17%
35,00 mln € Hiszpania Gaya
13%
25,00 mln € Hiszpania Martinez
12%
35,00 mln € Hiszpania Soler
12%
25,00 mln € Portugalia Trincao
11%
35,00 mln € Hiszpania Hermoso
10%
40,00 mln € Hiszpania Merino
9%
30,00 mln € Hiszpania Simon
9%
25,00 mln € Brazylia Emerson
4%
30,00 mln € Hiszpania Jordan
1%
Nie znaleziono quizów pasujących do podanych kryteriów
Rozkład punktacji
Procent ludzi z każdym wynikiem
Percentyl według liczby udzielonych odpowiedzi
Twoja historia wyników
Nie rozwiązałeś tego quizu